000 00387nam a2200145Ia 4500
008 200103s9999||||xx |||||||||||||| ||und||
020 _a9789280141979
040 _aIMU-MPC
082 _aColumn-5
100 _aIMO
245 0 _aBCH Code : Code for the construction and equipment of ships carrying dangerous chemicals in bulk
260 _bIMO
_c2005
300 _aix, 106
942 _cBK
999 _c3338
_d3338